|
|
|
|
| LEADER |
02229cam a2200337Ia 4500 |
| 001 |
9780203327463 |
| 003 |
FlBoTFG |
| 005 |
20091230162925.0 |
| 006 |
a|||||s||||||||||| |
| 007 |
cr|||| |
| 008 |
040513s2005 enk sb 001 0 eng d |
| 020 |
|
|
|a 9780203327463 (e-book : PDF)
|
| 040 |
|
|
|a FlBoTFG
|c FlBoTFG
|d GrThAP
|
| 090 |
|
|
|a BL65.L33
|b R33 2005
|
| 092 |
|
|
|a 340
|b R124
|
| 100 |
1 |
|
|a Radan, Peter.
|
| 245 |
1 |
0 |
|a Law and religion
|h [electronic resource] :
|b God, the state and the common law /
|c Peter Radan, Denise Meyerson and Rosalind F. Croucher.
|
| 260 |
|
|
|a London ;
|a New York :
|b Routledge,
|c 2005.
|
| 300 |
|
|
|a ix, 328 p.
|
| 490 |
1 |
|
|a Routledge studies in religion ;
|v 9
|
| 504 |
|
|
|a Includes bibliographical references and index.
|
| 505 |
0 |
|
|a Introduction / Peter Radan, Denise Meyerson, Rosalind Croucher -- International law and religion : Article 18 of the International Covenant on Civil and Political Rights / Peter Radan -- The establishment clause of the United States Constitution / Russell Weaver -- The free exercise clause of the United States Constitution / Russell Weaver -- Religion and Australian constitutional law / Tony Blackshield -- Religion and the South African Constitution / Denise Meyerson -- Between libertâe and âegalitâe : religion and the state in Canada / M.H. Ogilvie -- The constitutional significance of the Church of England / Andrew Lynch -- Blasphemy / Lawrence Mcnamara -- Charity law and religion / G.E. Dal Pont -- Clergy confidentiality and privileges : themes and prospects / Simon Fisher -- The sanctity of life in law : comparisons between Jewish, Catholic, Islamic and common law approaches / Cameron Stewart -- Law and religion : religion and death in the common law / Prue Vines, Rosalind Croucher.
|
| 530 |
|
|
|a Also available in print edition.
|b CRC Press (http://www.crcpress.com)
|
| 538 |
|
|
|a Mode of access: World Wide Web.
|
| 650 |
|
0 |
|a Religion and law.
|
| 655 |
|
7 |
|a Electronic books.
|2 lcsh
|
| 700 |
1 |
|
|a Meyerson, Denise.
|
| 700 |
1 |
|
|a Croucher, Rosalind F. (Rosalind Frances),
|d 1954-
|
| 776 |
1 |
|
|z 9780415343534
|
| 830 |
|
0 |
|a Routledge studies in religion ;
|v 9.
|
| 856 |
4 |
0 |
|u http://www.tandfebooks.com/isbn/9780203327463
|z Full Text via HEAL-Link
|